000
00204 a2200097 4500
001
29739
100
_a
A S M
245
_a
Materials Engineering in Arctic
260
_a
_b
A S M
_c
090
_c
19757
_d
19757
942
_a
NUST-CAE
_c
M
_c
10843
999
_c
264812
_d
264812